| 000 | 00500 a2200169 4500 | ||
|---|---|---|---|
| 003 | Nust | ||
| 005 | 20230331102404.0 | ||
| 040 | _cNust | ||
| 082 | _a813,SCO | ||
| 100 |
_aScott,Paul _9111644 |
||
| 245 |
_aThe Birds of Paradise / _cPaul Scott |
||
| 260 |
_aUK _bFiction |
||
| 300 | _a237:p | ||
| 505 | _aThe Wheeling Horsemen (Page-9), On the Bank of The Water (Page-85), The View From the Terrace (Page-123), Against the Wind (Page-167). | ||
| 650 |
_aFiction _93172 |
||
| 942 |
_2ddc _cBK _k813,SCO |
||
| 999 |
_c186783 _d186783 |
||